000 01406nam a2200289 a 4500
001 BRCA_4933
005 20190320204851.0
008 211010s1823----mx-######v---#000-0#spa-#
041 _aspa
044 _amx
084 _aDOC35
_b.B73
_c1823
100 1 _aBravo Rueda, Nicolás
_d1786-1854
_912454
245 1 0 _aDocumento firmado el 4 de mayo de 1823 por Nicolás Bravo Rueda
_cNicolás Bravo Rueda, Lucas Alamán.
260 _aXalapa, Veracruz, México
_c1823
300 _a[1] foja
_c30 x 21 cm
500 _aDocumento firmado el 4 de mayo de 1823
500 _aDocumento de Don Nicolás Bravo dirigida a Don Lucas Alamán, Secretario de Relaciones Exteriores e Interiores, en la que le comunica que de acuerdo con Guadalupe Victoria, emprendia la marcha a la Antigua. Fechada en el Cuartel de Xalapa el 4 de mayo de 1823
500 _aEl documento tiene la leyenda DOC. #44
500 _aEstado de conservación: Contiene anotaciones con tinta roja y laguna en la esquina inferior derecha
506 0 _aFondo reservado: para su consulta es necesario credencial de usuario y carta de motivos
546 _aTexto en: español de principios del siglo XIX
600 1 4 _aBravo Rueda, Nicolás
_d1786-1854
_912454
651 4 _aMéxico
_vManuscrito
_xHistoria
_yPrimeros gobiernos independientes, 1821-1824
_912523
700 1 _aAlamán, Lucas
_d1792-1853
_912524
902 _aFDH
942 _2lcc
_cD
999 _c4627
_d4627